000 00303nam a2200097Ia 4500
008 231221s9999 xx 000 0 und d
245 0 _aCalifornia Law Review
260 _c1947
_bUniversity of California
_aBerkeley, School of Law (United States)
500 _aGratis from NLSIU. Acc. No 5331
942 _cBD
999 _c238193
_d238193